BMTH - Albums & Singles (2004-2023) - Statistics

General Stats
  • This quiz has been taken 64 times
  • The average score is 32 of 92
Answer Stats
BMTH SONG % Correct
Can You Feel My Heart?
79%
Chelsea Smile
69%
Sleepwalking
69%
Drown
66%
Happy Song
62%
Throne
62%
Follow You
59%
Kingslayer (feat. BABYMETAL)
59%
LosT
59%
MANTRA
59%
Parasite Eve
59%
Shadow Moses
59%
Hospital For Souls
55%
Suicide Season
55%
The House Of Wolves
55%
Avalanche
52%
DArkSide
52%
Dear Diary,
52%
It Never Ends
52%
Pray For Plagues
52%
Diamonds Aren't Forever
48%
Obey (feat. YUNGBLUD)
48%
sTraNgeRs
48%
True Friends
48%
1x1 (feat. Nova Twins)
45%
Alligator Blood
45%
AmEN! (feat. Lil Uzi Vert & Daryl Palumbo)
45%
Crucify Me (feat. Lights)
45%
DiE4u
45%
Doomed
45%
Empire (Let Them Sing)
45%
Go To Hell, For Heaven's Sake
45%
sugar honey ice & tea
45%
Teardrops
45%
Crooked Young
41%
F**k (feat. Josh Franceschi)
41%
Kool-Aid
41%
And The Snakes Start To Sing
38%
Ludens
38%
mother tongue
38%
Run
38%
Anthem
34%
Antivist
34%
Deathbeds (feat. Hannah Snowdon)
34%
Don't Go (feat. Lights)
34%
Tell Slater To Not Wash His D**k
34%
Braille (For Stevie Wonder's Eyes Only)
31%
(I Used To Make Out With) Medusa
31%
medicine
31%
Oh No
31%
Sleep With One Eye Open
31%
Football Season Is Over (feat. JJ Peters)
28%
It Was Written In Blood
28%
One Day The Only Butterflies Left Will Be In Your Chest As You March Towards Your Death (feat. Amy Lee)
28%
Seen It All Before
28%
The Comedown
28%
ToP 10 STatUes THAT CRiED BLood
28%
Black & Blue
24%
Blasphemy
24%
Death Breath
24%
heavy metal (feat. Rhazel)
24%
in the dark
24%
Itch For The Cure (When Will We Be Free?)
24%
The Fox And The Wolf (feat. Josh Scogin)
24%
Blessed With A Curse
21%
Join The Club
21%
Memorial
21%
nihilist blues (feat. Grimes)
21%
No Need For Introductions, I've Read About Girls Like You On The Backs Of Toilet Doors
21%
RAWWWRR!
21%
Slow Dance
21%
The Sadness Will Never End (feat. Sam Carter)
21%
What You Need
21%
wonderful life (feat. Dani Filth)
21%
A Lot Like Vegas
17%
Blacklist
17%
Home Sweet Hole
17%
Re: They Have No Reflections
17%
Visions
17%
why you gotta kick me when i'm down?
17%
Fifteen Fathoms, Counting
14%
i apologize if you feel something
14%
Liquor & Love Lost
14%
ouch
14%
Who Wants Flowers When You're Dead? Nobody
14%
Eyeless (Slipknot Cover)
10%
fresh bruises
10%
i don't know what to say
10%
Off The Heezay
10%
Traitors Never Play Hang-Man
10%
Chasing Rainbows
7%
ScREam
0%
No matching quizzes found
Score Distribution
Percent of People with Each Score
Percentile by Number Answered
Your Score History
You have not taken this quiz